000 00588nam a2200253Ia 4500
003 OSt
005 20220912145804.0
006 a|||||r|||| 00| 0
007 ta
008 220909b |||||||| |||| 00| 0 eng d
024 _a76282
037 _cTextbook
040 _aCSL
_beng
_cCSL
041 _aeng
082 _aY:52:5(L), L8
100 _aSurjit Kaur
245 0 _aWastage of children
260 _c1978
300 _ap.
_ccm.
650 _a Childrens
650 _aSociology
942 _hY:52:5(L), L8
_cTB
_2CC
999 _c38296
_d38296